Chigaku jiten /
Saved in:
| Corporate Author: | |
|---|---|
| Format: | Book |
| Language: | Japanese |
| Published: |
Tōkyō :
Heibonsha,
Shōwa 45 [1970]
|
| Edition: | Shohan. |
| Subjects: | |
| Tags: |
Add Tag
No Tags, Be the first to tag this record!
|
| LEADER | 01181nam a2200313ua 4500 | ||
|---|---|---|---|
| 001 | 007742657-6 | ||
| 005 | 20024617121422.0 | ||
| 008 | 820616s1970 ja a b 001 0 jpn d | ||
| 035 | 0 | |a ocm33546391 | |
| 040 | |a *LWU* |b jpn |c *LWU* |d MH-HY |d CStRLIN | ||
| 050 | |a QE5 |b .C457 1970x | ||
| 245 | 0 | 0 | |6 880-01 |a Chigaku jiten / |c [henshū Chidanken Chigaku Jiten Henshū Iinkai]. |
| 250 | |6 880-02 |a Shohan. | ||
| 260 | |6 880-03 |a Tōkyō : |b Heibonsha, |c Shōwa 45 [1970] | ||
| 300 | |a 1540 p. : |b ill. ; |c 22 cm. | ||
| 504 | |a Includes bibliographical references and indexes. | ||
| 653 | |6 880-04 |a Chigaku |a Jisho. | ||
| 650 | 0 | |a Geology |x Dictionaries |x Polyglot. | |
| 650 | 0 | |a Japanese language |v Dictionaries |x Polyglot. | |
| 710 | 2 | |6 880-05 |a Chigaku Dantai Kenkyūkai. |b Chigaku Jiten Henshū Iinkai. | |
| 880 | 0 | 0 | |6 245-01 |a 地学事典 / |c [編集地団研地学事典編集委員会]. |
| 880 | |6 250-02 |a 初版. | ||
| 880 | |6 260-03 |a 東京 : |b 平凡社, |c 昭和45 [1970] | ||
| 880 | |6 653-04 |a 地学 |a 辞書. | ||
| 880 | 2 | |6 710-05 |a 地学団体研究会. |b 地学事典編集委員会. | |
| 886 | 2 | |2 jpnmarc |a 677 |b 450.33 | |
| 886 | 2 | |2 jpnmarc |a 685 |b ME2 | |
| 988 | |a 20021219 | ||
| 906 | |0 OCLC | ||


